000 00424 a2200145 4500
005 20250410144855.0
020 _a0-538-07511-2
082 _a651.84 RIC
100 _aRICK, B. R.
245 _aInformation Resource Management: A Records System Approach
260 _aNew York,
_bCincinnati,
_c1988.
300 _axiii, 654p.: ill.; figure, table, picture.
_bGlossary, index.
_c24cm.
700 _aGOW, K. F.
942 _2ddc
_cBKS
999 _c1282
_d1282